000 00405nam a22001697a 4500
999 _c6012
_d6012
003 OSt
005 20190111160830.0
008 190111b ||||| |||| 00| 0 eng d
020 _a1929241488
040 _cDLC
082 _a173
_bEL37s
100 _aEldredge, Tom
245 _aSafely Home/
260 _aTexas, San Antonio
_bThe Vision Forum, Inc.
_cc 2003
300 _a110 p,;
_c20cm
942 _2ddc
_cBK